Efektívny zber dobročinných príspevkov bakalárska práca

Saved in:
Bibliographic Details
Main Author: Kľúčiková, Katarína
Corporate Author: Národohospodárska fakulta EU. Katedra poisťovníctva
Other Authors: Lorko, Matej, 1987-
Format: Book
Language:Slovak
Published: Bratislava 2023
Tags: Add Tag
No Tags, Be the first to tag this record!

MARC

LEADER 00000nbm a2200000 4500
001 0295901
005 20231113102309.2
041 0 |a slo 
044 |a SK 
245 1 0 |a Efektívny zber dobročinných príspevkov  |b bakalárska práca  |c Katarína Kľúčiková ; školiteľ: Matej Lorko 
264 1 |a Bratislava  |c 2023 
300 |a 48 s. 
100 1 |a Kľúčiková, Katarína 
700 1 |a Lorko, Matej, 1987- 
710 2 |a Národohospodárska fakulta EU. Katedra poisťovníctva